Ozeanien mit positivem Bevölkerungswachstum im Jahr 2100 - Statistiken

Allgemein
  • Dieses Quiz wurde 48 mal gespielt
  • Das Durchschnittsergebnis liegt bei 4 aus 6
Antwortstatistiken
Bevölkerungswachstumsrate Land % Korrekt
+0.46% Australien
88%
+0.07% Neuseeland
85%
+0.75% Salomonen
80%
+0.26% Papua-Neuguinea
65%
+0.08% Tuvalu
55%
+0.22% Kiribati
43%
Keine übereinstimmenden Quizze gefunden
Verteilung der Resultate
Anzahl Personen mit jedem Resultat
Perzentil nach korrekt beantworteten Fragen
Ihre Resultats-Entwicklung
Sie haben dieses Quiz noch nicht gespielt